000 00607nam a2200193 i 4500
001 85954
003 ES-MaACL
005 20230906175338.0
007 t|
008 041203s1963 sp ||||1| spa d
100 1 _aKeller, Walter.
_967770
245 1 0 _aTratado de enfermedades de la infancia /
_cdirigido por Walter Keller, A. Wiskott ; traducido por L. Torres Marty.
250 _a[1ยช ed.].
260 _aBarcelona :
_bSalvat,
_c[1963]
300 _aXVI, 1049 p. :
_bil. ;
_c28 cm.
700 1 _aWiskott, A.
_9117153
700 0 _aTorres Marty, Luis.
_9110984
852 _aES-MaACL
_jC-23941
_bR.52769
999 _c85954
_d85954